000 00741nam a2200241Ii 4500
003 JO-AjNU
008 230605s9999||||xx |||||||||||||| ||und||
017 _a97/8244
020 _a977-276-367-2
040 _aJO-AjNU
_bara
_erda
_cJO-AjNU
041 _aara
050 1 4 _aPJ7692.F3.G55 1997
100 3 _aتاليف جوته،جان ولفجانج؛قدمة عاطف،عمارة,
_eauthor
_915747
245 0 0 _aآلام فيرتر
250 _aط1
264 3 1 _aد.م: الناشر العربي، 1997
300 _a131ص
336 _atext
_btxt
_2rdacontent
337 _aunmediated
_bn
_2rdamedia
338 _avolume
_bnc
_2rdacarrier
490 0 _aسلسلة أعظم الكتب 4
650 4 _aآلام فيرتر-شعر
_915748
999 _aA4519
_c8087
_d8087